2024 F2 grid - Statistics

General Stats
  • This quiz has been taken 70 times
  • The average score is 16 of 27
Answer Stats
Team Nationality Rounds Answer % Correct
Prema Racing UK 1-11 Oliver Bearman
96%
Prema Racing Italy All Andrea Kimi Antonelli
90%
Campos Racing France All Isack Hadjar
88%
MP Motorsport Argentina 1-10 Franco Colapinto
78%
Invicta Racing Brazil All Gabriel Bortoleto
78%
Campos Racing Spain All Josep Maria Martí
78%
Invicta Racing India All Kush Maini
68%
Hitech Pulse-Eight Estonia All Paul Aron
68%
ART Grand Prix France All Victor Martins
68%
DAMS Lucas Oil USA All Jak Crawford
64%
Prema Racing Italy 12 Gabriele Minì
60%
Trident Netherlands All Richard Verschoor
58%
Rodin Motorsport Barbados All Zane Maloney
58%
MP Motorsport Norway All Dennis Hauger
54%
Rodin Motorsport Japan All Ritomo Miyata
52%
AIX Racing Paraguay All Joshua Dürksen
50%
Trident Czechia 1-11 Roman Stanĕk
50%
Hitech Pulse-Eight Belgium All Amaury Cordeel
48%
Van Amersfoort Racing Mexico All Rafael Villagómez
48%
MP Motorsport Germany 11-12 Oliver Goethe
44%
Trident Australia 12 Christian Mansell
42%
ART Grand Prix UK 12 Luke Browning
42%
ART Grand Prix UK 1-11 Zak O'Sullivan
42%
DAMS Lucas Oil USA All Juan Manuel Correa
40%
AIX Racing UK 1-10 Taylor Barnard
38%
Van Amersfoort Racing Brazil All Enzo Fittipaldi
36%
AIX Racing Netherlands 11-12 Niels Koolen
28%
No matching quizzes found
Score Distribution
Percent of People with Each Score
Percentile by Number Answered
Your Score History
You have not taken this quiz